Harry Styles Albums Quiz (+ iconic covers & unreleased) - Statistics

General Stats
  • This quiz has been taken 446 times
    306 since last reset
  • The average score is 41 of 62
Answer Stats
Answer % Correct
Sign of the Times
93%
Kiwi
91%
Meet Me in the Hallway
89%
Fine Line
88%
Watermelon Sugar
88%
Carolina
87%
From the Dining Table
86%
Juice
86%
Only Angel
86%
Sweet Creature
86%
Two Ghosts
86%
Cherry
85%
Golden
85%
Matilda
85%
Adore You
84%
She
84%
Ever Since New York
83%
Woman
83%
As It Was
82%
Boyfriends
82%
Music For a Sushi Restaurant
82%
Daylight
81%
Falling
81%
Keep Driving
81%
Medicine
81%
Sunflower, Vol. 6
81%
Grapejuice
80%
Satellite
80%
Treat People With Kindness
80%
Late Night Talking
79%
Little Freak
79%
Love Of My Life
79%
Cinema
78%
Lights Up
78%
Daydreaming
77%
Wet Dream
77%
Anna
76%
Canyon Moon
76%
To Be So Lonely
75%
What Makes You Beautiful
75%
The Chain
66%
Hopelessly Devoted to You
56%
Stockholm Syndrome
55%
Him
54%
Girl Crush
50%
Baby Honey
46%
Hunger
40%
Complicated Freak
38%
I Will Survive
37%
Don't Let Me Go
35%
If I Could Fly
33%
Already Home
29%
Big Yellow Taxi
29%
Ultralight Beam
28%
Landslide
26%
Sledgehammer
26%
Just a Little Bit of Your Heart
25%
You're Still the One
23%
Trouble
21%
Half the World Away
20%
Without You
15%
Lay Down
12%
No matching quizzes found
Score Distribution
Percent of People with Each Score
Percentile by Number Answered
Your Score History
You have not taken this quiz since the last reset